[Event "White Nights"]
[Site "St Petersburg RUS"]
[Date "2007.07.03"]
[Round "9"]
[White "Krishilovsky,A"]
[Black "Aseeva,M"]
[Result "1-0"]
[WhiteElo "2040"]
[BlackElo "2150"]

1.d4 Nf6 2.Nf3 d5 3.c4 c6 4.Nc3 e6 5.e3 Nbd7 6.Bd3 dxc4 7.Bxc4 b5 8.Bd3 Bb7
9.e4 b4 10.Na4 Be7 11.O-O Qa5 12.a3 Qh5 13.axb4 Bxb4 14.e5 Nd5 15.Be2 O-O
16.Ng5 Qh6 17.Nxf7 Qg6 18.Bh5 Rxf7 19.Bxg6 hxg6 20.Nc3 Nxc3 21.bxc3 Bxc3
22.Ra2 Nb6 23.Bb2 Bb4 24.Ba3 Bc3 25.Bc5 Nd5 26.Qg4 Bc8 27.Rb1 a5 28.g3 Kh7
29.Qh4+ Kg8 30.Qd8+ Kh7 31.Qe8 Rc7 32.h4 Bb7 33.Qxe6 Ba6 34.h5 Bd3 35.Rd1 Bf5
36.hxg6+ Bxg6 37.f4 Bf7 38.Qh3+ Kg8 39.e6  1-0

[Event "DS"]
[Site "Brno CZE"]
[Date "2007.07.04"]
[Round "6"]
[White "Kozak,Mi"]
[Black "Sosna,J"]
[Result "1/2-1/2"]
[WhiteElo "2228"]
[BlackElo "2406"]

1.d4 d5 2.c4 e6 3.Nf3 c6 4.e3 Nf6 5.Nc3 Nbd7 6.Bd3 Bd6 7.e4 dxe4 8.Nxe4 Nxe4
9.Bxe4 O-O 10.O-O h6 11.Bc2 e5 12.Qd3 f5 13.c5 Bc7 14.dxe5 Nxe5 15.Qb3+ Kh8
16.Re1 Qf6 17.Bf4 Be6 18.Bxe5 Bxb3 19.Bxf6 Bxc2 20.Re7 Bxh2+ 21.Kxh2 Rxf6
22.Rxb7 a5 23.Re1 Be4 24.Ne5 Bd5 25.a3 f4 26.Nd3 Rd8 27.Ree7 Bg8 28.Ne5 Rd5
29.Rb8 Rf5  1/2-1/2

[Event "Pivdenny Bank Cup"]
[Site "Odessa UKR"]
[Date "2007.07.04"]
[Round "1"]
[White "Tukmakov,V"]
[Black "Bacrot,E"]
[Result "1-0"]
[WhiteElo "2551"]
[BlackElo "2709"]

1.d4 d5 2.c4 c6 3.Nc3 Nf6 4.Nf3 e6 5.e3 a6 6.b3 Bb4 7.Bd2 O-O 8.Bd3 Nbd7
9.O-O Qe7 10.Qc2 e5 11.dxe5 Nxe5 12.Nxe5 Qxe5 13.Nxd5 Nxd5 14.cxd5 Bxd2 15.Qxd2 Qxd5
16.Qc2 Qh5 17.Bc4 Bd7 18.Rfd1 Rad8 19.Rd4 Bg4 20.Qd2 Qg5 21.Bf1 Rxd4 22.Qxd4 Rd8
23.Qb4 Bc8 24.Rc1 h6 25.Be2 Qd5 26.Bf3 Qd2 27.Qa3 Qd6 28.Qa5 Qd2 29.Qa3 Qd6
30.Qa5 Be6 31.h3 Qe7 32.Rd1 Rxd1+ 33.Bxd1 Bd5 34.Qd2 Qg5 35.f4 Qf6 36.Bc2 Qa1+
37.Kh2 Qxa2 38.Bh7+  1-0

[Event "Pivdenny Bank Cup"]
[Site "Odessa UKR"]
[Date "2007.07.04"]
[Round "2"]
[White "Korchnoi,V"]
[Black "Tukmakov,V"]
[Result "1/2-1/2"]
[WhiteElo "2623"]
[BlackElo "2551"]

1.d4 d5 2.c4 c6 3.Nc3 Nf6 4.e3 e6 5.Nf3 Nbd7 6.Bd3 dxc4 7.Bxc4 b5 8.Bd3 Bb7
9.O-O b4 10.Na4 c5 11.Re1 Be7 12.e4 cxd4 13.e5 Nd5 14.Nxd4 a6 15.Qg4 Kf8
16.Bd2 h5 17.Qf3 Kg8 18.a3 Bg5 19.Bg6 fxg6 20.Nxe6 Bxd2 21.Nxd8 Rxd8 22.Red1 Nxe5
23.Qe4 Nc3 24.Qxe5 Nxd1 25.Rxd1 Kh7 26.Qc7 Be4 27.Nc5 Bf5 28.axb4 Rhe8 29.h3 Rd4
30.Qf7 Re2 31.Nb3 Rd7 32.Qxd7 Bxd7 33.Rxd2 Re1+ 34.Kh2 Bb5 35.Nd4 Re5 36.h4 Rd5
37.f4 Kg8 38.Kg3 Kf7 39.Kf3 Rd8 40.Ke4 Kf6 41.g3 Re8+ 42.Kd5 Rd8+ 43.Kc5 Rc8+
44.Kb6 Rd8 45.b3 Rd7 46.Kc5 Rc7+ 47.Kd5 Rd7+ 48.Ke4 Re7+ 49.Kf3 Rd7 50.Ke3 Re7+
51.Kf2 Rd7 52.Nf3 Rxd2+ 53.Nxd2 Kf5 54.Nf3 Ke4 55.Ne5 Be8 56.Ke2 Kd4 57.Kd2 Ke4  1/2-1/2

[Event "Asian Youth BU18"]
[Site "Tashkent UZB"]
[Date "2007.07.04"]
[Round "6"]
[White "Kasyan,A"]
[Black "Gubaydulin,T"]
[Result "1/2-1/2"]
[WhiteElo "2267"]
[BlackElo "2207"]

1.d4 d5 2.c4 c6 3.Nc3 Nf6 4.Nf3 e6 5.e3 Nbd7 6.Bd3 dxc4 7.Bxc4 b5 8.Be2 Be7
9.O-O O-O 10.e4 b4 11.e5 bxc3 12.exf6 Bxf6 13.bxc3 c5 14.Bf4 cxd4 15.cxd4 Nb6
16.Qd2 Bb7 17.Ne5 Nd5 18.Bg3 Ne7 19.Rfd1 Nf5 20.Bf4 Qe7 21.Qa5 Rfd8 22.Qa4 Bg5
23.Bg3 Be4 24.Bf3 Bxf3 25.Nxf3 Nxg3 26.hxg3 Bf6 27.Ne5 Bxe5 28.dxe5  1/2-1/2

[Event "Kotov Mem"]
[Site "Tula RUS"]
[Date "2007.07.04"]
[Round "7"]
[White "Yagupov,I"]
[Black "Novikov,Ma"]
[Result "1/2-1/2"]
[WhiteElo "2494"]
[BlackElo "2519"]

1.d4 d5 2.c4 e6 3.Nf3 c6 4.Nc3 Nf6 5.e3 Nbd7 6.Bd3 dxc4 7.Bxc4 b5 8.Bd3 a6
9.e4 c5 10.d5 c4 11.dxe6 fxe6 12.Bc2 Qc7 13.O-O Bc5 14.Qe2 Ne5 15.Nxe5 Qxe5
16.Kh1 Bb7 17.f4 Qh5 18.Qxh5+ Nxh5 19.e5 g6 20.Ne4 Bxe4 21.Bxe4 O-O-O 22.g4 Ng7
23.Kg2 h5 24.h3 hxg4 25.hxg4 Rh4 26.Kg3 Rdh8 27.Bg2 Nf5+ 28.gxf5 gxf5 29.Kf3 Rh2
30.Re1 Rd8 31.Kg3 Rh7 32.Be3 Bxe3 33.Rxe3 Rd2 34.Bf1 Rxb2 35.Re2 Rb4 36.Rd1 Rd7
37.Red2 Rxd2 38.Rxd2 Ra4 39.Be2 Kc7 40.Bd1 Ra3+ 41.Kh4 a5 42.Kg5 c3 43.Rc2 b4
44.Kf6 Kd7 45.Bh5 Rxa2 46.Rxa2 b3 47.Rxa5 b2 48.Rb5 c2 49.Rxb2 c1=Q 50.Rb7+ Kd8
51.Rh7 Qxf4 52.Bf7 Qb4 53.Bxe6 Qf8+ 54.Rf7 Qh6+ 55.Kxf5 Qh3+ 56.Kf6 Qh6+  1/2-1/2

[Event "XXV Andorra Open"]
[Site "Andorra la Vella AND"]
[Date "2007.07.05"]
[Round "6"]
[White "Panelo,M"]
[Black "Balasch Sagrera,C"]
[Result "1-0"]
[WhiteElo "2392"]
[BlackElo "2127"]

1.d4 d5 2.c4 c6 3.Nf3 Nf6 4.Nc3 e6 5.e3 Nbd7 6.Bd3 Be7 7.O-O O-O 8.b3 b6
9.Bb2 Bb7 10.Qe2 Bd6 11.Rad1 Qe7 12.e4 dxe4 13.Nxe4 Nxe4 14.Bxe4 Nf6 15.Bb1 Bf4
16.Qc2 Bh6 17.d5 g6 18.d6 Qd8 19.Ne5 c5 20.f4 Bg7 21.Qe2 Nd7 22.Be4 Bxe4
23.Qxe4 Nxe5 24.fxe5 Qd7 25.Rd3  1-0

[Event "13th Open"]
[Site "Chambery FRA"]
[Date "2007.07.05"]
[Round "9"]
[White "Scholz,C"]
[Black "Magem Badals,J"]
[Result "1/2-1/2"]
[WhiteElo "2367"]
[BlackElo "2471"]

1.d4 d5 2.Nf3 Nf6 3.c4 c6 4.Nc3 e6 5.e3 Nbd7 6.Qc2 Bd6 7.Be2 O-O 8.O-O dxc4
9.Bxc4 b5 10.Be2 Bb7 11.e4 e5 12.dxe5 Nxe5 13.Nxe5 Bxe5 14.Be3 Re8 15.Bf3 Qc7
16.Rac1 Bxh2+ 17.Kh1 Be5 18.Nxb5 cxb5 19.Qxc7 Bxc7 20.Rxc7 Bxe4 21.Bxe4 Rxe4
22.Rxa7 Rxa7 23.Bxa7 Ra4 24.Rc1 h6 25.Rc8+ Kh7 26.Rc7 Rxa2 27.Bd4 Ra4 28.Bxf6 gxf6
29.Rxf7+ Kg6 30.Rd7 Rb4 31.Rd2  1/2-1/2

[Event "XXV Andorra Open"]
[Site "Andorra la Vella AND"]
[Date "2007.07.06"]
[Round "7"]
[White "Comas Fabrego,L"]
[Black "Fenollar Jorda,M"]
[Result "1-0"]
[WhiteElo "2487"]
[BlackElo "2287"]

1.d4 d5 2.c4 c6 3.Nf3 Nf6 4.Nc3 e6 5.e3 Nbd7 6.Bd3 dxc4 7.Bxc4 b5 8.Be2 Bb7
9.O-O Be7 10.e4 b4 11.e5 bxc3 12.exf6 Bxf6 13.bxc3 c5 14.dxc5 O-O 15.Ba3 Be7
16.Rb1 Bd5 17.Qd4 Qc7 18.c4 Bc6 19.Qe3 Nxc5 20.Bxc5 Bxf3 21.Bxe7 Bxe2 22.Bxf8 Bxf1
23.Bxg7 Kxg7 24.Qc3+ f6 25.Rxf1 Rc8 26.Rc1 Qc5 27.Qg3+ Kf7 28.Qd3 Kg8 29.Qd7 Rc6
30.Rc3 Kf8 31.Rg3 Rd6 32.Qg7+ Ke8 33.Qg8+ Kd7 34.Rg7+ Kc6 35.Qc8+ Kb6 36.Rb7+ Ka6
37.Rxa7+  1-0

[Event "Open A"]
[Site "Kowalewo Pomorskie POL "]
[Date "2007.07.06"]
[Round "4"]
[White "Krasiewicz,R"]
[Black "Klykow,L"]
[Result "0-1"]
[WhiteElo "2042"]
[BlackElo "2188"]

1.d4 d5 2.Nf3 Nf6 3.c4 c6 4.Nc3 e6 5.e3 Nbd7 6.Qc2 Bd6 7.g4 h6 8.Rg1 e5 9.cxd5 cxd5
10.dxe5 Nxe5 11.Nxe5 Bxe5 12.h4 Nxg4 13.Bb5+ Kf8 14.Bd2 Nxf2 15.Qa4 d4 16.exd4 Qxh4
17.dxe5 Nd3+ 18.Ke2 Qf2+ 19.Kxd3 Bf5+ 20.Ne4 Rd8+ 21.Kc3 Qf3+ 22.Kc2 Bxe4+
23.Kc1 Rc8+ 24.Bc4 Qd3 25.Qa3+ Qxa3 26.bxa3 Rxc4+ 27.Kd1 g5 28.Ke2 Kg7 29.Rac1 Rhc8
30.Rxc4 Rxc4 31.Rg3 Kg6 32.Rb3 h5 33.Rb4 Bd5 34.Rb5 Bc6 35.Ra5 h4 36.e6 f5
37.Re5 h3 38.e7 h2 39.Re6+ Kf7 40.e8=Q+ Bxe8 41.Rh6 Rh4  0-1

[Event "South Wales Masters"]
[Site "Caerleon WLS"]
[Date "2007.07.07"]
[Round "1"]
[White "Varley,P"]
[Black "Dobrov,V"]
[Result "1/2-1/2"]
[WhiteElo "2258"]
[BlackElo "2504"]

1.d4 Nf6 2.c4 c6 3.Nc3 d5 4.e3 e6 5.Nf3 a6 6.Bd3 dxc4 7.Bxc4 b5 8.Bd3 Bb7
9.O-O c5 10.Qe2 Nbd7 11.Rd1 Rc8 12.e4 cxd4 13.Nxd4 Bd6 14.a4 b4 15.Bxa6 Bxa6
16.Qxa6 Bxh2+ 17.Kxh2 bxc3 18.Kg1 Nxe4 19.Nxe6 fxe6 20.Qxe6+ Qe7 21.Qxe7+ Kxe7
22.Re1 Nc5 23.b4 Kf7 24.bxc5 Nxc5 25.Re3 Ne6 26.a5 Rhd8 27.a6 Nd4 28.Kh2 Nc2
29.Rf3+ Kg8 30.Ra4 Ne1  1/2-1/2

[Event "Kaupthing Open"]
[Site "Differdange LUX"]
[Date "2007.07.07"]
[Round "1"]
[White "Boettger,L"]
[Black "Gaponenko,I"]
[Result "0-1"]
[WhiteElo "2109"]
[BlackElo "2458"]

1.d4 d5 2.c4 c6 3.Nc3 Nf6 4.e3 e6 5.Nf3 Nbd7 6.Qc2 b6 7.cxd5 exd5 8.Bd3 Bb7
9.O-O Be7 10.e4 dxe4 11.Nxe4 O-O 12.Ng3 c5 13.Nh4 cxd4 14.Nhf5 Rc8 15.Qd2 Ne5
16.Qg5 Ng6 17.Nxe7+ Nxe7 18.Bd2 Rc5 19.Qh4 Ng6 20.Bxg6 hxg6 21.Bb4 Qd5 22.f3 g5
23.Qh3 Bc8 24.Bxc5 bxc5  0-1

[Event "ch-NOR"]
[Site "Hamar NOR"]
[Date "2007.07.07"]
[Round "1"]
[White "Ostenstad,B"]
[Black "Stokke,K"]
[Result "1/2-1/2"]
[WhiteElo "2491"]
[BlackElo "2352"]

1.d4 d5 2.c4 c6 3.Nf3 Nf6 4.Nc3 e6 5.e3 Bd6 6.Bd3 dxc4 7.Bxc4 Nbd7 8.O-O b5
9.Bd3 O-O 10.a3 Bb7 11.h3 Qe7 12.Ng5 e5 13.Qc2 h6 14.Nge4 Bb8 15.Bd2 a5 16.Rfe1 Nxe4
17.Bxe4 Nf6 18.dxe5 Nxe4 19.Nxe4 Qxe5 20.f4 Qe7 21.Nc5 Ba7 22.Nxb7 Qxb7 23.Bxa5 Bxe3+
24.Rxe3 Rxa5 25.Rc1 b4 26.axb4  1/2-1/2

[Event "6th Open"]
[Site "La Fere FRA"]
[Date "2007.07.07"]
[Round "1"]
[White "Jimenez,Martin"]
[Black "Azzouz,B"]
[Result "1/2-1/2"]
[WhiteElo "1720"]
[BlackElo "1866"]

1.d4 Nf6 2.c4 e6 3.Nc3 d5 4.e3 c6 5.Nf3 Bd6 6.Bd3 dxc4 7.Bxc4 Nbd7 8.O-O O-O
9.Re1 e5 10.dxe5 Nxe5 11.Nxe5 Bxe5 12.Bd2 Ng4 13.f4 Qh4 14.h3 Qf2+ 15.Kh1 Qh4
16.Kg1 Qf2+ 17.Kh1 Bxc3 18.bxc3 Rd8 19.Re2 Qh4 20.Kg1 Ne5 21.Bb3 Nd3 22.Be1 Qe7
23.Rd2 Bf5 24.Qe2 Re8 25.Rxd3 Bxd3 26.Qxd3 Qxe3+ 27.Qxe3 Rxe3 28.Rd1 Rae8
29.Kf1 g6 30.Bc4 R8e4 31.Bd2 Rxf4+ 32.Kg1 Rxc4 33.Bxe3 Kf8 34.Bxa7 Rxc3 35.Rd2 Ke7
36.Kf2 Ke6 37.g3 h5 38.h4 b5 39.Bb6 c5  1/2-1/2

[Event "XXV Andorra Open"]
[Site "Andorra la Vella AND"]
[Date "2007.07.08"]
[Round "9"]
[White "Jakobsen,O"]
[Black "Damia,A"]
[Result "1/2-1/2"]
[WhiteElo "2379"]
[BlackElo "2212"]

1.d4 d5 2.Nf3 Nf6 3.c4 e6 4.Nc3 c6 5.e3 Nbd7 6.Bd3 Bd6 7.e4 dxe4 8.Nxe4 Nxe4
9.Bxe4 Nf6 10.Bc2 Bb4+ 11.Bd2 Qa5 12.O-O Bxd2 13.Nxd2 O-O 14.Qe2 Qb4 15.Nf3 b6
16.a3 Qe7 17.b4 c5 18.dxc5 bxc5 19.b5 Bb7 20.Ne5 Rfd8 21.Rfd1 Rxd1+ 22.Rxd1 Rd8
23.Rxd8+ Qxd8 24.Qd1 Qxd1+ 25.Bxd1 Kf8 26.Bf3 Bxf3 27.gxf3 Ke7 28.Nc6+ Kd6
29.Nxa7 Nd7 30.Nc6 Nb6 31.Na5 Ke5 32.Kf1 Kd4 33.Ke2 Kc3 34.f4 f6 35.Ke3 g6
36.Ke2 h5 37.Ke3 f5 38.h4 Nc8 39.Ke2 Nb6 40.Ke3 Nc8 41.Nc6 Kxc4 42.a4 Nb6
43.Ne5+ Kb4 44.Nd3+ Kc4 45.Ne5+ Kb4 46.Nd3+ Kc4  1/2-1/2

[Event "XXX Open"]
[Site "Barbera del Valles ESP"]
[Date "2007.07.08"]
[Round "3"]
[White "Motoc,A"]
[Black "Castro Exposito,C"]
[Result "1-0"]
[WhiteElo "2289"]
[BlackElo "1916"]

1.d4 d5 2.c4 e6 3.Nf3 Nf6 4.Nc3 c6 5.e3 Bd6 6.Bd3 O-O 7.O-O dxc4 8.Bxc4 b5
9.Bd3 a6 10.e4 Be7 11.e5 Nd5 12.Ne4 h6 13.Bb1 Kh8 14.a3 Nd7 15.Qc2 f5 16.exf6 N7xf6
17.Ne5 Kg8 18.Nxf6+ Nxf6 19.Bxh6  1-0

[Event "6th IM"]
[Site "Condom FRA"]
[Date "2007.07.08"]
[Round "2"]
[White "Van Elst,A"]
[Black "Sanchez,Joseph"]
[Result "1-0"]
[WhiteElo "2294"]
[BlackElo "2486"]

1.d4 d5 2.c4 c6 3.Nc3 Nf6 4.e3 e6 5.Nf3 Nbd7 6.Bd3 dxc4 7.Bxc4 b5 8.Bd3 Bb7
9.e4 b4 10.Na4 c5 11.e5 Nd5 12.O-O cxd4 13.Nxd4 g6 14.Qg4 Bg7 15.Bg5 Ne7
16.Bb5 Rc8 17.Nxe6 fxe6 18.Qxe6 Bd5 19.Qd6 Bc6 20.Qxb4 a5 21.Qb3 Rb8 22.Nc3 Bxe5
23.Rfe1 Rf8 24.Rad1 Qb6 25.Bxc6 Qxc6 26.Rxe5 Rf7 27.Qxf7+ Kxf7 28.Rxe7+ Kg8
29.Rexd7 Re8 30.Nd5  1-0

[Event "Kaupthing Open"]
[Site "Differdange LUX"]
[Date "2007.07.08"]
[Round "2"]
[White "Siebrecht,S"]
[Black "Stefansson,H"]
[Result "1-0"]
[WhiteElo "2431"]
[BlackElo "2568"]

1.Nf3 Nf6 2.c4 e6 3.d4 d5 4.Nc3 c6 5.e3 Nbd7 6.Bd3 dxc4 7.Bxc4 b5 8.Bb3 b4
9.Ne2 Bd6 10.O-O O-O 11.Ng3 c5 12.Bd2 Qb6 13.a3 cxd4 14.exd4 Bb7 15.Ne5 Nxe5
16.dxe5 Bxe5 17.Bxb4 Rfd8 18.Qe1 Bxg3 19.hxg3 a5 20.Be7 Qxb3 21.Bxd8 Qd5
22.f3 Qxd8 23.b4 Nd5 24.bxa5 Rxa5 25.Rb1 Bc8 26.Qe5 f6 27.Qb8 Rxa3 28.Rbc1 Rc3
29.Kh2 Rxc1 30.Rxc1 Ne7 31.Rc7 Kf7 32.Ra7 Qe8 33.Qb1 h6 34.Qd3 f5 35.Qd6 Kf6
36.f4 g5 37.Rc7 gxf4 38.gxf4 h5 39.Kh3 Ng6 40.g3 h4 41.Qc5 Ne7 42.gxh4 Qd8
43.h5  1-0

[Event "Kaupthing Open"]
[Site "Differdange LUX"]
[Date "2007.07.08"]
[Round "2"]
[White "Berend,F"]
[Black "Berg,R"]
[Result "1-0"]
[WhiteElo "2346"]
[BlackElo "2129"]

1.d4 d5 2.c4 c6 3.Nf3 Nf6 4.e3 e6 5.Nc3 Bd6 6.Qc2 Nbd7 7.g4 Nxg4 8.Rg1 Nxh2
9.Nxh2 Bxh2 10.Rxg7 Qf6 11.Rxh7 Rxh7 12.Qxh7 Bd6 13.Bd2 Nf8 14.Qh5 Bd7 15.Bd3 O-O-O
16.O-O-O Ng6 17.f4 Rh8 18.Qf3 Bc7 19.Rg1 Ne7 20.Nd1 Qh4 21.Nf2 f5 22.Bb4 Qf6
23.Rg5 Be8 24.Qd1 Ng6 25.Kb1 a5 26.Bd2 Bd8 27.Be2 Qf7 28.Rg2 Nf8 29.c5 Qc7
30.Nd3 Nd7 31.Bf3 Nf6 32.Qg1 Qh7 33.Rg7 Rg8 34.Rxg8 Qxg8 35.Qe1 Ne4 36.Bxe4 fxe4
37.Nc1 a4 38.Ba5 a3 39.bxa3 Bd7 40.Bb6 Bxb6 41.cxb6 Qf8 42.Qb4 c5 43.dxc5 Bc6
44.Qd4 Qh6 45.a4 Kd7 46.Qe5  1-0

[Event "Kaupthing Open"]
[Site "Differdange LUX"]
[Date "2007.07.08"]
[Round "2"]
[White "Gretarsson,Hj"]
[Black "Haerri,A"]
[Result "1-0"]
[WhiteElo "2168"]
[BlackElo "2000"]

1.c4 c6 2.d4 d5 3.Nf3 Nf6 4.Nc3 e6 5.e3 Nbd7 6.Qc2 Bd6 7.b3 e5 8.cxd5 cxd5
9.Nb5 Bb8 10.Ba3 e4 11.Nd2 Nb6 12.Rc1 Be6 13.Nc7+ Qxc7 14.Qxc7 Bxc7 15.Rxc7 Kd8
16.Rxb7 Nfd7 17.Bb5 a6 18.Bxd7 Nxd7 19.Ke2 h5 20.Rc1 Rh6 21.Bc5 h4 22.a4 h3
23.g3 a5 24.Nb1 Bg4+ 25.Ke1 Rha6 26.Nc3 Be6 27.Nb5 Rb8 28.Ra7 Nxc5 29.dxc5 Rxa7
30.Nxa7 Rxb3 31.c6 Bc8 32.Nb5 Rb4 33.Rc5 Rb1+ 34.Kd2 Rb2+ 35.Kc3 Rxf2 36.Rxd5+ Ke7
37.Na7 Be6 38.c7 Kf6 39.Rd6 Rxh2 40.c8=Q Rg2 41.Rxe6+ fxe6 42.Qd8+ Kf7 43.Qh4 h2
44.Nc6 Rxg3 45.Ne5+ Ke8 46.Qxh2 Rxe3+  1-0

[Event "Canadian Open"]
[Site "Ottawa CAN"]
[Date "2007.07.08"]
[Round "3"]
[White "Mikhalevski,V"]
[Black "Lahaye,R"]
[Result "1-0"]
[WhiteElo "2598"]
[BlackElo "2367"]

1.d4 d5 2.c4 c6 3.Nf3 Nf6 4.Nc3 e6 5.e3 Nbd7 6.Qc2 a6 7.b3 Bd6 8.Bd3 Qe7
9.Bb2 e5 10.cxd5 cxd5 11.dxe5 Nxe5 12.Nxe5 Bxe5 13.Ne2 Bg4 14.Bxe5 Qxe5 15.Nd4 Rc8
16.Qb2 O-O 17.O-O Rc7 18.Rac1 Rfc8 19.h3 Bd7 20.Rxc7 Qxc7 21.Ne2 Qb6 22.Rc1 Rxc1+
23.Qxc1 Qb4 24.Nd4 h6 25.a3 Qd6 26.b4 Ne8 27.Nb3 Nc7 28.Na5 b6 29.Nb3 Kf8
30.Qc3 Kg8 31.Nd4 Qe5 32.Be2 b5 33.Qc5 Ne6 34.Qe7 Qc7 35.Nxe6 Qc1+ 36.Kh2 Bxe6
37.Qd8+ Kh7 38.Bd3+ g6 39.Qf6 Qxa3 40.Bxg6+ Kg8 41.Bc2 Qa2 42.Qc3 Qc4 43.Qb2 Kf8
44.Bd1 Ke7 45.Be2 Qh4 46.Kg1 Qe4 47.Bf1 Bd7 48.Qc3 Qe6 49.Qd4 Qc6 50.Bd3 Qc1+
51.Kh2 Qc7+ 52.f4 Qc6 53.Kg3 Qe6 54.Kh4 Qf6+ 55.Qxf6+ Kxf6 56.g4 Kg7 57.Kg3 f6
58.h4 Kf7 59.f5 Ke7 60.Kf4 Kd6 61.g5 hxg5+ 62.hxg5 fxg5+ 63.Kxg5 d4 64.e4 Ke5
65.Kg6 Be8+ 66.Kg7 Kf4 67.f6 Ke3 68.e5 Kxd3 69.e6 Kc2 70.f7 Bxf7 71.exf7 d3
72.f8=Q d2 73.Qc8+ Kb2 74.Qd7 Kc2 75.Qc6+ Kb2 76.Qf6+ Kc2 77.Qg6+ Kc1 78.Qxa6 d1=Q
79.Qxb5 Kb2 80.Qc5 Kb3 81.b5 Ka4 82.b6 Qf3 83.Kg6 Qf4 84.Qc6+ Ka5 85.b7 Qh2
86.Kf7 Qh7+ 87.Ke8 Qg8+ 88.Kd7 Qf7+ 89.Kc8 Qf8+ 90.Kc7 Qf4+ 91.Qd6 Qf7+ 92.Kc8 Qf5+
93.Qd7 Qc5+ 94.Qc7+ Ka6 95.b8=Q Qf8+ 96.Qd8 Qc5+ 97.Qbc7 Qf5+ 98.Qcd7 Qc5+
99.Kb8 Qb4+ 100.Ka8 Qe4+ 101.Qd5  1-0

[Event "FSIMA July"]
[Site "Budapest HUN"]
[Date "2007.07.09"]
[Round "3"]
[White "Petran,Pa"]
[Black "Mayer,I"]
[Result "1-0"]
[WhiteElo "2369"]
[BlackElo "2141"]

1.d4 d5 2.c4 c6 3.Nc3 Nf6 4.e3 e6 5.Nf3 b6 6.Bd3 Bb7 7.O-O a6 8.e4 dxc4 9.Bxc4 b5
10.Bd3 c5 11.e5 cxd4 12.Nxb5 axb5 13.exf6 Qd5 14.Re1 gxf6 15.Be4 Qd7 16.Bxb7 Qxb7
17.Nxd4 Qd5 18.Nxe6 Qxd1 19.Ng7+  1-0

[Event "Open A"]
[Site "Kowalewo Pomorskie POL "]
[Date "2007.07.09"]
[Round "7"]
[White "Krajewicz,P"]
[Black "Kubicki,M"]
[Result "1-0"]
[WhiteElo "1989"]
[BlackElo "2165"]

1.d4 d5 2.c4 c6 3.Nf3 Nf6 4.Nc3 e6 5.e3 Nbd7 6.Qc2 Bd6 7.b3 O-O 8.Bd3 dxc4
9.bxc4 e5 10.O-O Re8 11.Rd1 Qe7 12.Ng5 h6 13.Nge4 Nxe4 14.Nxe4 Bc7 15.d5 Qh4
16.d6 Bd8 17.c5 f5 18.Ng3 g6 19.Bb2 Nf6 20.Bc4+ Kg7 21.f4 Ng4 22.Nf1 Be6
23.Bxe6 Rxe6 24.Qb3 Re8 25.Qxb7+ Kf8 26.Qxa8 Qf2+ 27.Kh1 Qxb2 28.d7  1-0

[Event "Open A"]
[Site "Kowalewo Pomorskie POL "]
[Date "2007.07.09"]
[Round "8"]
[White "Krajewicz,P"]
[Black "Klykow,L"]
[Result "0-1"]
[WhiteElo "1989"]
[BlackElo "2188"]

1.d4 d5 2.c4 c6 3.Nf3 Nf6 4.Nc3 e6 5.e3 Nbd7 6.Qc2 Bd6 7.b3 O-O 8.Bd3 e5
9.cxd5 cxd5 10.dxe5 Nxe5 11.Nxe5 Bxe5 12.Bb2 Be6 13.Qd2 d4 14.exd4 Qxd4 15.Rd1 Qg4
16.Ne2 Bxb2 17.Qxb2 Bd5 18.f3 Qh4+ 19.g3 Qh5 20.O-O Bxf3 21.Rd2 Rad8 22.Nf4 Qc5+
23.Rdf2 Ng4 24.Qc2 Qb6 25.Bxh7+ Kh8 26.Bf5 Nxf2 27.Qxf2 Qxf2+ 28.Kxf2 Bc6
29.Re1 Rd2+ 30.Re2 Rxe2+ 31.Kxe2 Re8+ 32.Kd2 g6 33.Bd3 Kg7 34.h4 Re5 35.b4 Bf3
36.Kc3 g5  0-1

[Event "6th Open"]
[Site "La Fere FRA"]
[Date "2007.07.09"]
[Round "4"]
[White "Pytel,B"]
[Black "Holland,C2"]
[Result "1-0"]
[WhiteElo "2008"]
[BlackElo "1756"]

1.Nf3 d5 2.d4 Nf6 3.c4 c6 4.e3 e6 5.Nc3 Bd6 6.Bd3 dxc4 7.Bxc4 Nbd7 8.Qc2 O-O
9.O-O e5 10.Rd1 Qe7 11.dxe5 Nxe5 12.Nxe5 Qxe5 13.f4 Qe7 14.Bd2 Ng4 15.Re1 Bc5
16.Nd1 Qh4 17.h3 Nf6 18.Nf2 Bb6 19.a4 a5 20.Re2 Nh5 21.Qb3 Ba7 22.Rd1 Ng3
23.Ree1 Bf5 24.Bxa5 Rae8 25.Bb4 Be4 26.Bxf8 Kxf8 27.Qxb7  1-0

[Event "Zudov Mem B"]
[Site "Nizhnij Tagil RUS"]
[Date "2007.07.09"]
[Round "3"]
[White "Truskavetsky,A"]
[Black "Dashibalov,E"]
[Result "1-0"]
[WhiteElo "2392"]
[BlackElo "2287"]

1.d4 d5 2.c4 c6 3.Nf3 Nf6 4.Nc3 e6 5.e3 Nbd7 6.Qc2 Bd6 7.Bd3 O-O 8.O-O dxc4
9.Bxc4 a6 10.a4 c5 11.Rd1 Qc7 12.dxc5 Nxc5 13.e4 Ncd7 14.Be2 Ne5 15.Nd4 Ng6
16.g3 Bd7 17.Bg5 Be5 18.Qd2 h6 19.Be3 Rac8 20.f4 Bxd4 21.Qxd4 Bc6 22.e5 Rfd8
23.Qc5 Nd5 24.Nxd5 Rxd5 25.Rxd5 Bxd5 26.Rc1 Qxc5 27.Rxc5 Rxc5 28.Bxc5 Nf8
29.a5 Nd7 30.Bd6 g5 31.Kf2 gxf4 32.gxf4 Kg7 33.Ke3 f5 34.exf6+ Nxf6 35.Kd4 Kf7
36.Be5 Bc6 37.Bxf6 Kxf6 38.Bd3 h5 39.Be4 Bb5 40.h4 Be2 41.Bxb7 Kf5 42.Ke3 Bc4
43.Bf3 e5 44.fxe5 Kxe5 45.Bxh5 Be6 46.Be2 Bc8 47.h5  1-0

[Event "12th European Maccabi Games"]
[Site "Rome ITA"]
[Date "2007.07.09"]
[Round "5"]
[White "Degtiarev,E"]
[Black "Szuhanek,R"]
[Result "0-1"]
[WhiteElo "2385"]
[BlackElo "2475"]

1.d4 d5 2.Nf3 c6 3.c4 Nf6 4.Nc3 e6 5.e3 Nbd7 6.Bd3 dxc4 7.Bxc4 b5 8.Bd3 Bd6
9.Ng5 Bb7 10.Qf3 b4 11.Nce4 Qe7 12.Nxd6+ Qxd6 13.O-O O-O 14.b3 Rab8 15.Qg3 Qxg3
16.hxg3 c5 17.dxc5 Nxc5 18.Bc4 Bd5 19.Be2 a5 20.f3 h6 21.Nh3 e5 22.Bb2 Nfd7
23.Rad1 Be6 24.f4 f6 25.f5 Bf7 26.Nf2 Nb6 27.Bc1 a4 28.Bd2 Nd5 29.Bc4 axb3
30.axb3 Nc3 31.Bxc3 bxc3 32.Rc1 Bxc4 33.bxc4 Rb3 34.Rc2 Rc8 35.Rfc1 Na4 36.Nd1 Rxc4
37.Kf1 h5 38.Ke2 e4 39.g4 hxg4 40.Kf2 Rb5 41.Kg3 Rxf5 42.Kxg4 Rg5+ 43.Kh3 Kf7
44.g4 Rd5 45.Kg3 Kg6 46.Nf2 Rb5 47.Nd1 Kf7 48.Kh4 g6 49.Kg3 Rbc5 50.Rb1 Ke6
51.Kf2 Rg5 52.Rbc1 Rxg4 53.Nxc3 Nxc3 54.Rxc3 Rxc3 55.Rxc3 Rg5 56.Rc6+ Kf5
57.Rc5+ Kg4 58.Rc4 f5 59.Rc6 Kh3 60.Rf6 Rg2+ 61.Kf1 Rg3  0-1

[Event "ch-SWE Master Elite"]
[Site "Stockholm SWE"]
[Date "2007.07.09"]
[Round "9"]
[White "Rosberg,S"]
[Black "Tikkanen,H"]
[Result "0-1"]
[WhiteElo "2123"]
[BlackElo "2335"]

1.d4 d5 2.c4 e6 3.Nc3 c6 4.e3 Nf6 5.Nf3 Nbd7 6.Qc2 Bd6 7.b3 O-O 8.Bb2 Re8
9.Be2 a6 10.O-O e5 11.dxe5 Nxe5 12.cxd5 cxd5 13.Rad1 Qc7 14.g3 h6 15.Rd2 Be6
16.Nxe5 Bxe5 17.Na4 Qxc2 18.Rxc2 Bf5 19.Rc5 Bxb2 20.Nxb2 Rac8 21.Rfc1 Kf8
22.Rxc8 Rxc8 23.Rxc8+ Bxc8 24.f3 Ke7 25.Kf2 Kd6 26.g4 Nd7 27.Ke1 Ne5 28.Kd2 f5
29.gxf5 Bxf5 30.f4 Nd7 31.Bd3 Bh3 32.e4 dxe4 33.Bxe4 b5 34.b4 Nf6 35.Bb7 Nd5
36.Bxa6 Bd7 37.Nd3 Kc7 38.a3 g6 39.Nc5 Bc6 40.Ne6+ Kb6 41.Nc5 Nxf4 42.Bc8 Kc7
43.Bg4 Kd6 44.Ke3 g5 45.Kd4 h5 46.Bd1 g4 47.Ne4+ Ke6 48.Ng3 Be8 49.Ke4 Nh3
50.Bb3+ Kf6 51.Ke3 Ke5 52.Ne2 h4 53.Bd1 Bd7 54.Nd4 Nf4 55.Bxg4 Nd5+ 56.Kf2 Bxg4
57.Nxb5 Bd7 58.Na7 Nc3 59.Kf3 Kf5 60.b5 Nxb5 61.Nxb5 Bxb5 62.a4 Bxa4 63.Kg2 Kg4
64.Kg1 Kh3 65.Kh1 Bc6+ 66.Kg1  0-1

[Event "FSGM July"]
[Site "Budapest HUN"]
[Date "2007.07.10"]
[Round "4"]
[White "Bui Vinh"]
[Black "Vernay,C"]
[Result "1/2-1/2"]
[WhiteElo "2466"]
[BlackElo "2381"]

1.d4 d5 2.c4 c6 3.Nc3 Nf6 4.e3 e6 5.Nf3 Nbd7 6.Qc2 Bd6 7.g4 dxc4 8.Bxc4 e5
9.g5 Nd5 10.Ne4 Bb4+ 11.Bd2 Qe7 12.O-O-O exd4 13.exd4 N7b6 14.Bb3 Be6 15.Nc5 Bxc5
16.Qxc5 Qxc5+ 17.dxc5 Nd7 18.Bxd5 cxd5 19.b4 a5 20.Kb2 O-O 21.Nd4 Ne5 22.Bc3 Bg4
23.f3 Nxf3 24.h3 Bh5 25.Nf5 Rfe8 26.bxa5 Ne5 27.Nxg7 Nc4+ 28.Ka1 Re3 29.Nxh5 Rxc3
30.Rxd5 Rc2 31.a6 bxa6 32.Kb1 Na3+ 33.Ka1 Nc4  1/2-1/2

[Event "South Wales Masters"]
[Site "Caerleon WLS"]
[Date "2007.07.10"]
[Round "5"]
[White "Cobb,J"]
[Black "Kett,T"]
[Result "1-0"]
[WhiteElo "2424"]
[BlackElo "2243"]

1.d4 Nf6 2.Nf3 d5 3.c4 e6 4.Nc3 c6 5.e3 Nbd7 6.Bd3 dxc4 7.Bxc4 b5 8.Bd3 Bb7
9.O-O b4 10.Ne4 c5 11.Nxf6+ gxf6 12.e4 cxd4 13.Bb5 e5 14.Nxd4 exd4 15.Qxd4 Rc8
16.Rd1 Bc6 17.Bxc6 Rxc6 18.Bf4 Bc5 19.Qd5 Qc8 20.Rd3 Nb6 21.Qh5 Rg8 22.h3 Ke7
23.e5 Bxf2+ 24.Kxf2 Rc2+ 25.Kf1 Rgxg2 26.exf6+ Kf8 27.Bd6+ Kg8 28.Bg3 Kh8
29.Rad1 Nd5 30.Qxd5 Rxg3 31.Rxg3 Qa6+ 32.Kg1  1-0

[Event "ch-SCO"]
[Site "Cumbernauld SCO"]
[Date "2007.07.10"]
[Round "4"]
[White "Hilton,S"]
[Black "Nisbet,A2"]
[Result "1/2-1/2"]
[WhiteElo "1992"]
[BlackElo "1952"]

1.d4 Nf6 2.Nf3 d5 3.c4 e6 4.Nc3 c6 5.e3 Be7 6.Bd3 Nbd7 7.O-O O-O 8.b3 Re8
9.Bb2 Nf8 10.e4 dxe4  1/2-1/2